| 000 | 00759nam a2200181Ia 4500 | ||
|---|---|---|---|
| 008 | 090124s9999 xx 000 0 und d | ||
| 082 | _b134783 | ||
| 100 | _aचक्रनारायण अनिल कमलेश ये.सं | ||
| 245 | _a महानतेच्या दिशेने | ||
| 250 | _a1 | ||
| 260 |
_bचक्रनारायण अनिल कमलेश ये.सं _c2007 |
||
| 300 | _a296 | ||
| 600 | _aचक्रनारायण अनिल कमलेश ये.सं | ||
| 630 | _a महानतेच्या दिशेने | ||
| 700 | _aचक्रनारायण अनिल कमलेश ये.सं | ||
| 730 | _a महानतेच्या दिशेने | ||
| 942 | _cBOOK | ||
| 999 |
_c194135 _d194135 |
||